[Event "Basel Special op"]
[Site "Basel"]
[Date "2021.07.19"]
[Round "4"]
[White "Bruessow, Jakob"]
[Black "Buehler, Michael"]
[Result "1/2-1/2"]
[WhiteElo "1819"]
[BlackElo "2087"]
[PlyCount "43"]
[EventDate "2021.07.17"]
[EventType "swiss"]
[EventRounds "6"]
[EventCountry "SUI"]
[SourceTitle "CBM 203 Extra"]
[Source "ChessBase"]
[SourceDate "2021.09.30"]
[SourceVersion "1"]
[SourceVersionDate "2021.09.30"]
[SourceQuality "1"]

1. e4 e5 2. Nf3 Nc6 3. d4 exd4 4. Nxd4 Nf6 5. Nxc6 bxc6 6. Qe2 Bb4+ 7. c3 Bc5 8. e5 Nd5 9. c4 Nb6 10. Qg4 g6 11. Bg5 Be7 12. Bh6 f6 13. Bd3 Kf7 14. 0-0 d6 15. Qf3 dxe5 16. Nc3 Bf8 17. Bxf8 Rxf8 18. Rad1 Qe8 19. c5 Nd5 20. Bc4 Be6 21. Nxd5 Bxd5 22. Bxd5+ 1/2-1/2

[Event "Arco op 42nd"]
[Site "Arco"]
[Date "2020.10.16"]
[Round "7.20"]
[White "Bruessow, Jakob"]
[Black "Perez Bolanos, Joel"]
[Result "0-1"]
[WhiteElo "1831"]
[BlackElo "2011"]
[PlyCount "64"]
[EventDate "2020.10.10"]
[EventType "swiss"]
[EventRounds "9"]
[EventCountry "ITA"]
[SourceTitle "CBM 198 Extra"]
[Source "ChessBase"]
[SourceDate "2020.11.30"]
[SourceVersion "1"]
[SourceVersionDate "2020.11.30"]
[SourceQuality "1"]

1. e4 e6 2. d4 d5 3. Nc3 Bb4 4. e5 Ne7 5. a3 Bxc3+ 6. bxc3 c5 7. Qg4 0-0 8. Bd3 c4 9. Be2 Nbc6 10. f4 Qa5 11. Bd2 Qa4 12. Bd1 b5 13. Nf3 a5 14. 0-0 b4 15. cxb4 axb4 16. c3 b3 17. Bc1 Na7 18. Nd2 Nb5 19. Bb2 Bd7 20. Rf3 f6 21. Rh3 Qa7 22. Qh4 h6 23. Nf3 Ng6 24. Qg4 Kh7 25. Rg3 Be8 26. Qxe6 Qd7 27. Qxd7 Bxd7 28. exf6 gxf6 29. Kf2 Nxf4 30. Ne1 Ra6 31. Bc1 Ne6 32. Bf3 Nxc3 0-1

[Event "Wil Acrevis op 1st"]
[Site "Wil"]
[Date "2020.06.20"]
[Round "2"]
[White "Bruessow, Jakob"]
[Black "Brovelli, Claudio"]
[Result "1/2-1/2"]
[WhiteElo "1739"]
[BlackElo "2115"]
[PlyCount "47"]
[EventDate "2020.06.19"]
[EventType "swiss"]
[EventRounds "5"]
[EventCountry "SUI"]
[SourceTitle "CBM 197 Extra"]
[Source "ChessBase"]
[SourceDate "2020.09.30"]
[SourceVersion "1"]
[SourceVersionDate "2020.09.30"]
[SourceQuality "1"]

1. e4 d5 2. exd5 Qxd5 3. Nc3 Qd8 4. Bc4 Nf6 5. Nf3 a6 6. a4 Nc6 7. h3 Bf5 8. d4 e6 9. 0-0 Nb4 10. Bb3 h6 11. Re1 Be7 12. Ne5 0-0 13. Bf4 c5 14. dxc5 Qxd1 15. Raxd1 Rad8 16. Rxd8 Rxd8 17. Re2 Bxc5 18. Kf1 g5 19. Bh2 Kg7 20. g4 Bh7 21. Ke1 Bd4 22. Nd1 Bc5 23. Nc3 Bd4 24. Nd1 1/2-1/2

[Event "EU-ch Online U2300 Qual"]
[Site "Chess.com INT"]
[Date "2020.05.25"]
[Round "3"]
[White "Stan, Andrei Mihaita"]
[Black "Bruessow, Jakob"]
[Result "1-0"]
[WhiteElo "2044"]
[BlackElo "1739"]
[PlyCount "63"]
[EventDate "2020.05.25"]
[EventType "swiss"]
[EventRounds "8"]
[EventCountry "NET"]
[SourceTitle "EXT 2021"]
[Source "ChessBase"]
[SourceDate "2020.10.23"]
[SourceVersion "1"]
[SourceVersionDate "2020.10.23"]
[SourceQuality "1"]

1. d4 Nf6 2. c4 g6 3. Nc3 Bg7 4. e4 d6 5. f3 0-0 6. Be3 c5 7. d5 a6 8. a4 e6 9. Qd2 exd5 10. cxd5 Re8 11. Nge2 Nbd7 12. Nc1 Ne5 13. Be2 h5 14. 0-0 Rb8 15. N1a2 Qc7 16. Rac1 Bd7 17. b4 c4 18. b5 axb5 19. Nxb5 Bxb5 20. axb5 Rbc8 21. h3 h4 22. b6 Qd8 23. Nc3 Nh5 24. f4 Nd7 25. Bxh5 gxh5 26. Bd4 Bxd4+ 27. Qxd4 Qxb6 28. Qxb6 Nxb6 29. Rb1 Nd7 30. Nb5 Rc7 31. Nxd6 b6 32. Nxe8 1-0